Stabilizovali výrobný program Zmeny vo VSŽ Kovostroj Dobšiná

Bibliographic Details
Main Author: Vilim, J. (Author)
Corporate Author: Východoslovenské železiarne-Kovostroj (Dobšiná-Cípová, Slovensko) (Author)
Format: Article
Language:Slovak
Subjects:

MARC

LEADER 00000nab a2200000 a 4500
001 vtls001001011
003 SK-MaSNL
005 20260303041130.0
008 040720e19960123xo 0 slo
035 |a RV1611 
040 |a RVGKPD  |b slo  |c RVGKPD  |e AACR2 
041 0 |a slo 
044 |a xo  |c SK 
080 |a 621.7  |2 1981 
100 1 |a Vilim, J.  |4 aut  |9 1025940 
245 1 0 |a Stabilizovali výrobný program  |b Zmeny vo VSŽ Kovostroj Dobšiná 
500 |a informácie 
610 2 7 |a Východoslovenské železiarne-Kovostroj (Dobšiná-Cípová, Slovensko)  |2 RVGKPD  |9 1025941 
650 0 7 |a programy výrobné  |2 RVGKPD  |9 882782 
651 7 |a Gočovo (Slovensko)  |2 RVGKPD  |9 58511 
655 7 |a periodikum  |2 snkbucl  |9 29553 
710 2 |a Východoslovenské železiarne-Kovostroj (Dobšiná-Cípová, Slovensko)  |4 aut  |9 1025941 
773 0 8 |t Zora Gemera  |g Roč. 45, č.4, 23.1.1996, s. 1 
852 |a ZVYKNI  |b KIS3GCP 
999 |c 1685367  |d 1687297